SILAS MARNER (Record no. 4711)

MARC details
000 -LEADER
fixed length control field 00443nam a22001577a 4500
008 - FIXED-LENGTH DATA ELEMENTS--GENERAL INFORMATION
fixed length control field 260427b |||||||| |||| 00| 0 eng d
020 ## - INTERNATIONAL STANDARD BOOK NUMBER
ISBN 9780435902940
100 ## - MAIN ENTRY--AUTHOR
Author Eliot, George
245 ## - TITLE STATEMENT
Title SILAS MARNER
260 ## - PUBLICATION, DISTRIBUTION, ETC. (IMPRINT)
Place of publication HARLOW, ENGLAND
Name of publisher HEINEMANN EDUCATION LIMITED
Date of publication 1993
300 ## - COLLATION
Pagination xv, 202p.
Other physical details ill
650 ## - TRACINGS
Main Subject classic literature
Subdivision (1st) moral fiction and historical studies
942 ## - ADDED ENTRY ELEMENTS (KOHA)
Item type Books
050 ## - LIBRARY OF CONGRESS CALL NUMBER
Classification number PR4670
Item number .S55
Holdings
Source of classification or shelving scheme Not for loan Permanent location Current location Date acquired Accession No. Full call number Barcode. Copy number Koha item type
Library of Congress Classification   Samuel Ogbemudia Main Library, University of Abuja Samuel Ogbemudia Main Library, University of Abuja 04/27/2026 2026/72201-206 PR4670 .S55 2026-0205 6 Books